000 01121nam a22002177a 4500
999 _c61402
_d61402
005 20251125233055.0
008 s2552 th tha d
020 _a9789747709490
040 _aNALT
041 _atha
050 _aJC 571 ก452ห 2552
245 1 0 _aหลากหลายคือหนึ่งเดียว : ปฏิญญาสากลว่าด้วยสิทธิมนุษยชน ฉบับเด็กและเยาวชน [2nd]
260 3 _aกรุงเทพฯ :
_bกรมองค์การระหว่างประเทศ กระทรวงการต่างประเทศ,
_c2552
300 _a96 หน้า :
_b ภาพประกอบ ;
_c 16 ซม.
610 _aกระทรวงการต่างประเทศ. กรมองค์การระหว่างประเทศ
650 0 4 _aสิทธิมนุษยชน
850 _aNALT
856 4 0 _uhttps://hdl.handle.net/20.500.14156/338037
942 _cGB
_2lcc